00776cam a22002411 4500001001300000003000400013005001700017008004100034010001700075035001900092040002500111042001200136050002200148100003100170245007200201260004800273300001800321490007900339504003100418650002100449830004700470999001700517gs 15000776 DLC20260227111318.0741114s1915 onc b 000 0 eng  ags 15000776  a(OCoLC)1074930 aDLCcDeUdNSbSUdDLC apremarc00aQE185b.A2 no. 631 aSapir, Edward,d1884-1939.10aNoun reduplication in Comox, a Salish language of Vancouver island. aOttawa,bGovernment Printing Bureau,c1915. a53 p.c24 cm.1 aGeological Survey of Canada. Memoir,vno. 63; Anthropological series no. 6 aBibliographical footnotes. 0aSalish language. 0aMemoir (Geological Survey of Canada) ;v63 c25583d25583